000 00767nam a2200253 a 4500
001 63829
003 BD-RjUL
005 20211209081234.0
008 170204s1981 enka bd 001 0deng d
020 _a0713163445
035 _a(BD-RjUL)63959
040 _aDLC
_beng
_cDLC
_dDLC
_dBD-RjUL
_dLC
041 _aeng
082 0 4 _a941.11
_223
_bCOM 1981
245 0 2 _aA Companion to Scottish culture /
_cedited by David Daiches.
260 _aLondon :
_bEdward Arnold,
_c1981.
300 _a441 p. :
_bill. ;
_c26 cm.
500 _aIncludes index.
504 _aBibliography: p. [408]-418.
651 0 _aScotland
_xCivilization
_xEncyclopedias.
_9189500
651 0 _aScotland
_xEncyclopedias.
_9189501
700 1 _aDaiches, David,
_d1912-2005.
_9187204
942 _2ddc
_cBK
999 _c63829
_d63829